000 00631cam a22001577a 4500
008 180718b2008 xxu||||| |||| 00| 0 eng d
082 _aAPPPA 2007-08/SIN
100 _aSingh, Nirmal
245 _aA comparative study of staff grievances redresal machinery in Railway Protection Force and Central Industrial Security Force
_cby Nirmal Singh
260 _aNew Delhi
_bIndian Institute of Public Administration
_c2008
300 _a77p.
500 _aAn APPPA M.Phil dissertation, 2007-08 (Guide: Sachin Chowdhry)
650 _aCentral Industrial Security Force - India
650 _aRailways - India
650 _aRailroads - India
999 _c493606
_d493606